| 000 | 00511nam a2200181Ia 4500 | ||
|---|---|---|---|
| 005 | 20250326125137.0 | ||
| 008 | 250326s9999 xx 000 0 und d | ||
| 037 | _aTextbook | ||
| 040 |
_aFMSL _beng _cFMSL |
||
| 041 |
_aeng _2eng |
||
| 084 |
_aX:97:Z L8 _qFMSL |
||
| 100 | _aJain M G | ||
| 245 | 0 |
_aNew comprehensive labour law on industrial relations _cJain M G |
|
| 260 |
_aDelhi _bDelhi, Delhi Law Institute _c1978 |
||
| 300 | _a396p | ||
| 942 |
_cTB _hX:97:Z L8 |
||
| 999 |
_c1276734 _d1276734 |
||